[Event "AUT-ch"]
[Site "Hartberg"]
[Date "2004.07.31"]
[Round "8"]
[White "Freitag, Manfred"]
[Black "Beck, Hartmuth"]
[Result "1/2-1/2"]
[WhiteElo "2397"]
[BlackElo "2279"]
[PlyCount "75"]
[EventDate "2004.07.24"]
[EventType "swiss"]
[EventRounds "9"]
[EventCountry "AUT"]
[SourceTitle "CBM 101 Extra"]
[Source "ChessBase"]
[SourceDate "2004.09.01"]
[SourceVersion "2"]
[SourceVersionDate "2004.09.01"]
[SourceQuality "1"]

1. d4 Nf6 2. c4 g6 3. f3 c5 4. d5 b5 5. e4 d6 6. cxb5 a6 7. Nc3 Bg7 8. Be3 0-0 9. Qd2 Re8 10. bxa6 Qa5 11. Bh6 Bh8 12. Bb5 Nfd7 13. Nge2 Bxa6 14. Bxa6 Qxa6 15. 0-0 Ne5 16. b3 Nbd7 17. h3 c4 18. f4 Nd3 19. Kh2 N7c5 20. Rab1 Reb8 21. Rf3 Nb4 22. f5 Be5+ 23. Bf4 Nxa2 24. Bxe5 dxe5 25. Qh6 Nxc3 26. Nxc3 Rxb3 27. Rbf1 Rf8 28. d6 Qxd6 29. f6 exf6 30. Rxf6 Qd7 31. R6f3 Rxc3 32. Rxc3 Nxe4 33. Re3 Qd4 34. Rfe1 f5 35. Ra3 Qf2 36. Rd1 c3 37. Rd7 Qg3+ 38. Kg1 1/2-1/2

[Event "AUT-ch"]
[Site "Hartberg"]
[Date "2004.07.30"]
[Round "7"]
[White "Beck, Hartmuth"]
[Black "Mahdy, Khaled"]
[Result "1/2-1/2"]
[WhiteElo "2279"]
[BlackElo "2379"]
[PlyCount "107"]
[EventDate "2004.07.24"]
[EventType "swiss"]
[EventRounds "9"]
[EventCountry "AUT"]
[SourceTitle "CBM 101 Extra"]
[Source "ChessBase"]
[SourceDate "2004.09.01"]
[SourceVersion "2"]
[SourceVersionDate "2004.09.01"]
[SourceQuality "1"]

1. c4 c5 2. Nc3 Nc6 3. g3 g6 4. Bg2 Bg7 5. Nf3 d6 6. 0-0 e5 7. d3 Nf6 8. Ne1 Be6 9. Bg5 h6 10. Bxf6 Bxf6 11. Nc2 0-0 12. Ne3 Bg7 13. Rb1 h5 14. Ned5 Rb8 15. a3 a6 16. b4 cxb4 17. axb4 b5 18. e3 f5 19. Qd2 bxc4 20. dxc4 e4 21. Rfd1 Kh7 22. b5 axb5 23. cxb5 Ne5 24. Nf4 Bf7 25. Qxd6 Qxd6 26. Rxd6 Nc4 27. Rd7 Bxc3 28. Ne6 Kg8 29. Nxf8 Kxf8 30. Rc1 Ne5 31. Rxf7+ Kxf7 32. Rxc3 Rxb5 33. Rc1 Rb2 34. Ra1 Kg7 35. Rc1 Kh6 36. Ra1 Kg5 37. Rc1 h4 38. Ra1 hxg3 39. hxg3 Kg4 40. Bh1 Rd2 41. Bg2 Nf3+ 42. Kf1 Rb2 43. Bh1 Kh3 44. Bg2+ Kh2 45. Bxf3 exf3 46. Rc1 Rb8 47. Ra1 g5 48. Rc1 Rb5 49. Rd1 Rb6 50. Rc1 f4 51. exf4 gxf4 52. gxf4 Rg6 53. Ke1 Kg2 54. Rc5 1/2-1/2

[Event "AUT-ch"]
[Site "Hartberg"]
[Date "2004.07.27"]
[Round "4"]
[White "Krebs, Johann"]
[Black "Beck, Hartmuth"]
[Result "0-1"]
[WhiteElo "2223"]
[BlackElo "2279"]
[PlyCount "70"]
[EventDate "2004.07.24"]
[EventType "swiss"]
[EventRounds "9"]
[EventCountry "AUT"]
[SourceTitle "CBM 101 Extra"]
[Source "ChessBase"]
[SourceDate "2004.09.01"]
[SourceVersion "2"]
[SourceVersionDate "2004.09.01"]
[SourceQuality "1"]

1. Nf3 g6 2. c4 Bg7 3. g3 d6 4. Bg2 f5 5. d4 Nf6 6. Nc3 0-0 7. 0-0 Qe8 8. d5 a5 9. Ne1 Na6 10. Nd3 c6 11. Qb3 cxd5 12. cxd5 Rb8 13. Qb6 Qd8 14. Be3 Nd7 15. Qxd8 Rxd8 16. Nb5 Ndc5 17. Nxc5 Nxc5 18. Bd4 Bd7 19. Bxg7 Kxg7 20. Nd4 Rdc8 21. b3 b5 22. Rfc1 Kf6 23. Rc2 b4 24. f4 h6 25. a3 a4 26. axb4 Rxb4 27. Rc4 Nxb3 28. Rxb4 Nxa1 29. Rb2 Rc4 30. e3 Nb3 31. Nc6 Nc5 32. Ra2 Rc3 33. Kf2 Nd3+ 34. Kf1 a3 35. Ra1 Rc1+ 0-1

[Event "Oberwart op"]
[Site "Oberwart"]
[Date "2004.07.15"]
[Round "6"]
[White "Beck, Hartmuth"]
[Black "Kovacs, Gabor H"]
[Result "0-1"]
[WhiteElo "2279"]
[BlackElo "2423"]
[PlyCount "104"]
[EventDate "2004.07.10"]
[EventType "swiss"]
[EventRounds "9"]
[EventCountry "AUT"]
[SourceTitle "CBM 103 Extra"]
[Source "ChessBase"]
[SourceDate "2005.01.01"]
[SourceVersion "1"]
[SourceVersionDate "2005.01.01"]
[SourceQuality "1"]

1. c4 c5 2. Nc3 Nf6 3. g3 Nc6 4. Bg2 e6 5. Nf3 d5 6. cxd5 Nxd5 7. 0-0 Be7 8. d4 0-0 9. Nxd5 exd5 10. b3 Bf6 11. Bb2 Qa5 12. a3 Bg4 13. Ne5 Be6 14. e3 Rac8 15. Qe2 cxd4 16. exd4 Qb6 17. Nxc6 Rxc6 18. Qd3 Rfc8 19. Bf3 Rc2 20. Rab1 g6 21. Rfe1 Bg5 22. b4 Qd8 23. Qb3 Qf6 24. Re2 R8c3 25. Bxc3 Qxf3 26. Bd2 Qxe2 27. Qxc2 Qxd2 28. Qxd2 Bxd2 29. Rd1 Bg5 30. f4 Bf6 31. Kf2 Kf8 32. Ke3 Ke7 33. Rc1 Kd6 34. Rc2 Bd7 35. Rc1 h5 36. h4 Bd8 37. Rc2 Bb6 38. Rc1 Ke6 39. Re1 Bb5 40. Kf3+ Kd6 41. Ke3 Bc4 42. Rg1 Ke6 43. g4 hxg4 44. Rxg4 Bd8 45. h5 gxh5 46. Rg8 Bf6 47. Ra8 h4 48. Rxa7 h3 49. Kf3 Bh4 50. Rxb7 Be2+ 51. Kxe2 h2 52. f5+ Kf6 0-1

[Event "Oberwart op"]
[Site "Oberwart"]
[Date "2004.07.12"]
[Round "3"]
[White "Brkic, Ante"]
[Black "Beck, Hartmuth"]
[Result "1-0"]
[WhiteElo "2436"]
[BlackElo "2279"]
[PlyCount "59"]
[EventDate "2004.07.10"]
[EventType "swiss"]
[EventRounds "9"]
[EventCountry "AUT"]
[SourceTitle "CBM 103 Extra"]
[Source "ChessBase"]
[SourceDate "2005.01.01"]
[SourceVersion "1"]
[SourceVersionDate "2005.01.01"]
[SourceQuality "1"]

1. e4 c5 2. Nf3 d6 3. d4 cxd4 4. Nxd4 Nf6 5. Nc3 a6 6. Bg5 e6 7. f4 Be7 8. Qf3 Qc7 9. 0-0-0 Nbd7 10. g4 b5 11. Bxf6 Nxf6 12. g5 Nd7 13. f5 Nc5 14. f6 gxf6 15. gxf6 Bf8 16. Rg1 h5 17. Rg7 b4 18. Nd5 exd5 19. exd5 Nd7 20. Nc6 Bb7 21. Bh3 Bxc6 22. dxc6 Ne5 23. Bd7+ Kd8 24. Qg2 Qb6 25. Be6 Kc7 26. Bxf7 Bxg7 27. fxg7 Qe3+ 28. Kb1 Nxf7 29. gxh8Q Nxh8 30. Qg7+ 1-0

[Event "Oberwart op"]
[Site "Oberwart"]
[Date "2004.??.??"]
[Round "?"]
[White "Beck, Hartmuth"]
[Black "Lendwai, Reinhard"]
[Result "0-1"]
[WhiteElo "2275"]
[BlackElo "2385"]
[PlyCount "110"]
[EventDate "2004.07.10"]
[EventType "swiss"]
[EventRounds "9"]
[EventCountry "AUT"]
[SourceTitle "CBM 103 Extra"]
[Source "ChessBase"]
[SourceDate "2005.01.01"]
[SourceVersion "1"]
[SourceVersionDate "2005.01.01"]
[SourceQuality "1"]

1. d4 Nf6 2. Nf3 c5 3. c3 e6 4. e3 b6 5. Bd3 Ba6 6. 0-0 Be7 7. Bxa6 Nxa6 8. Qe2 Nc7 9. a4 0-0 10. Na3 d5 11. Bd2 Bd6 12. b4 c4 13. Nc2 Ne4 14. Nfe1 f5 15. g3 h6 16. f3 Nf6 17. Ng2 a6 18. Be1 g5 19. Na3 g4 20. f4 Kh7 21. Nb1 Ne4 22. Qc2 Rg8 23. Nd2 Nxd2 24. Qxd2 Qd7 25. Bf2 Ne8 26. Kh1 Nf6 27. Be1 Ne4 28. Qc1 Be7 29. Rg1 Rg7 30. Ra2 Rag8 31. Qd1 Qe8 32. Rb2 Bf6 33. Ra2 Ra7 34. Rb2 Kg7 35. Ra2 Kf8 36. Rb2 Ke7 37. Ra2 Kd8 38. Rb2 Kc8 39. Ra2 Bd8 40. Rb2 Rag7 41. Ra2 Qf7 42. Rb2 Rg6 43. Ra2 R8g7 44. Rb2 Qg8 45. Rc2 Be7 46. Rb2 h5 47. Nh4 Bxh4 48. gxh4 g3 49. h3 Qd8 50. Kg2 Qxh4 51. Qf3 Nf2 52. Kf1 Qxh3+ 53. Ke2 h4 54. Bxf2 gxf2 55. Rf1 Rg3 0-1

[Event "AUT-chT 0304"]
[Site "Austria"]
[Date "2003.11.29"]
[Round "2"]
[White "Postl, Anton"]
[Black "Beck, Hartmuth"]
[Result "1-0"]
[WhiteElo "2306"]
[BlackElo "2280"]
[PlyCount "101"]
[EventDate "2003.11.28"]
[EventType "team-tourn"]
[EventRounds "11"]
[EventCountry "AUT"]
[SourceTitle "CBM 097 Extra"]
[Source "ChessBase"]
[SourceDate "2004.01.13"]
[SourceVersion "1"]
[SourceVersionDate "2004.01.13"]
[SourceQuality "1"]
[WhiteTeam "Fuerstenfeld Admiral Sparkasse"]
[BlackTeam "Melk-Wachau SK NOE"]
[WhiteTeamCountry "AUT"]
[BlackTeamCountry "AUT"]

1. Nf3 f5 2. c4 Nf6 3. Nc3 d6 4. g3 g6 5. Bg2 Bg7 6. 0-0 0-0 7. d3 e5 8. Rb1 a5 9. a3 h6 10. e4 g5 11. exf5 Bxf5 12. h4 g4 13. Ne1 Nc6 14. Nc2 Qd7 15. Ne3 Be6 16. Ned5 Nh5 17. Nb5 Rac8 18. Bd2 b6 19. b4 axb4 20. axb4 Bf5 21. Rb3 Nd8 22. Ra3 Nf6 23. Be3 Kh8 24. Ra7 Nxd5 25. Bxd5 Nc6 26. Ra4 Ne7 27. Bg2 d5 28. Ra7 Nc6 29. Bxd5 Nxb4 30. Be4 Nc6 31. Bxf5 Rxf5 32. Ra4 Rf3 33. Qd2 Kh7 34. Qc2 Qf5 35. Nc3 Rf8 36. Qe2 Bf6 37. c5 Bxh4 38. Ne4 Bd8 39. cxb6 cxb6 40. Rc4 Ne7 41. Ra1 Qd7 42. Rca4 R8f7 43. Ra7 Qd5 44. Nd2 R3f6 45. Qxg4 Nf5 46. Ne4 Nd6 47. Nxf6+ Bxf6 48. Qh5 Bg7 49. Rxf7 Nxf7 50. Ra7 Kg8 51. Qg6 1-0

[Event "Oberwart op 25th"]
[Site "Oberwart"]
[Date "2003.07.12"]
[Round "8"]
[White "Beck, Hartmuth"]
[Black "Schroll, Gerhard"]
[Result "0-1"]
[WhiteElo "2273"]
[BlackElo "2414"]
[PlyCount "30"]
[EventDate "2003.07.05"]
[EventType "swiss"]
[EventRounds "9"]
[EventCountry "AUT"]
[SourceTitle "CBM 095 Extra"]
[Source "ChessBase"]
[SourceDate "2003.09.04"]
[SourceVersion "1"]
[SourceVersionDate "2003.09.04"]
[SourceQuality "1"]

1. d4 Nf6 2. c4 e6 3. Nc3 Bb4 4. Qc2 c5 5. dxc5 Na6 6. a3 Bxc3+ 7. Qxc3 Nxc5 8. b4 Nce4 9. Qd4 d5 10. cxd5 0-0 11. Bb2 e5 12. Qxe5 Nxf2 13. Qd4 Nxh1 14. 0-0-0 Bf5 15. Bc3 Re8 0-1

[Event "Oberwart op 25th"]
[Site "Oberwart"]
[Date "2003.07.09"]
[Round "5"]
[White "Balinov, Ilia"]
[Black "Beck, Hartmuth"]
[Result "1/2-1/2"]
[WhiteElo "2417"]
[BlackElo "2273"]
[PlyCount "116"]
[EventDate "2003.07.05"]
[EventType "swiss"]
[EventRounds "9"]
[EventCountry "AUT"]
[SourceTitle "CBM 095 Extra"]
[Source "ChessBase"]
[SourceDate "2003.09.04"]
[SourceVersion "1"]
[SourceVersionDate "2003.09.04"]
[SourceQuality "1"]

1. c4 Nf6 2. g3 g6 3. Bg2 Bg7 4. Nc3 0-0 5. d4 d6 6. Nf3 c6 7. 0-0 a6 8. Bf4 Qa5 9. h3 Be6 10. d5 cxd5 11. Nd4 dxc4 12. Nxe6 fxe6 13. Bxb7 Ra7 14. Bg2 Nbd7 15. Rc1 Rc7 16. Qd2 Rb8 17. Rc2 Nb6 18. h4 Na4 19. Nxa4 Qxa4 20. b3 Qb5 21. Bh3 Kf7 22. Qe3 e5 23. Bg5 Qb6 24. bxc4 Qxe3 25. Bxe3 d5 26. Rfc1 d4 27. Bg5 Rc5 28. Bg2 h6 29. Bxf6 Bxf6 30. Bd5+ e6 31. Be4 g5 32. h5 g4 33. Rd1 Rb4 34. Rd3 a5 35. Rb3 Rcxc4 36. Rxc4 Rxc4 37. Kg2 Ra4 38. Rb2 Be7 39. f3 Kf6 40. fxg4 Bb4 41. Kf3 Bc3 42. Rb6 Ra3 43. Bd3 Be1 44. Rb1 Bxg3 45. Rb3 Rxb3 46. axb3 Bf4 47. Be4 Ke7 48. Bd3 Kd6 49. Bc4 Bg5 50. Ke4 Bf4 51. Ba6 Kc5 52. Bc8 Kd6 53. Bb7 Kc5 54. Bc8 Kd6 55. Kd3 Bg5 56. Kc4 Ke7 57. Bb7 Kd6 58. Kd3 Bf4 1/2-1/2

[Event "AUT-chT 0203"]
[Site "Austria"]
[Date "2003.01.26"]
[Round "8"]
[White "Beck, Hartmuth"]
[Black "Kilgus, Georg"]
[Result "0-1"]
[WhiteElo "2257"]
[BlackElo "2346"]
[PlyCount "100"]
[EventDate "2002.12.05"]
[EventType "team-tourn"]
[EventRounds "11"]
[EventCountry "AUT"]
[SourceTitle "EXT 2004"]
[Source "ChessBase"]
[SourceDate "2003.11.25"]
[SourceVersion "1"]
[SourceVersionDate "2003.11.25"]
[SourceQuality "1"]
[WhiteTeam "Salzburg Mozart"]
[BlackTeam "Fuerstenfeld Admiral Sparkasse"]
[WhiteTeamCountry "AUT"]
[BlackTeamCountry "AUT"]

1. d4 Nf6 2. c4 g6 3. Nc3 Bg7 4. e4 d6 5. f4 0-0 6. Nf3 Na6 7. e5 Ne8 8. h3 f6 9. exd6 exd6 10. Be2 f5 11. 0-0 Nf6 12. a3 c6 13. Be3 Nc7 14. Qd2 Ne4 15. Nxe4 fxe4 16. Nh2 d5 17. c5 h5 18. b4 Qh4 19. Qe1 Qxe1 20. Raxe1 a5 21. b5 Nxb5 22. Bxb5 cxb5 23. Rb1 Bd7 24. Rf2 Rf7 25. h4 Bf6 26. g3 b6 27. cxb6 Bd8 28. Rc2 Bxb6 29. Nf1 Rff8 30. Nd2 Rfc8 31. Rbc1 Rxc2 32. Rxc2 b4 33. axb4 a4 34. Nb1 a3 35. Ra2 Ra4 36. Nc3 Rxb4 37. Rxa3 Bc6 38. Ne2 Kf7 39. Ra2 Bb5 40. Nc3 Bc4 41. Ra3 Bb3 42. Kf2 Ke6 43. Ne2 Bc4 44. Nc3 Kf5 45. Na4 Bd8 46. Bd2 Rb1 47. Nc5 Bf6 48. Be3 Kg4 49. Nd7 Kh3 50. Bc1 Bxd4+ 0-1